000 00530nam a22001817a 4500
005 20251108165541.0
008 250721s1994 xx 000 0 ara d
082 1 4 _aط/511.2/حسن
100 1 _aعبد الشافي، حسن
245 1 0 _aهيا بنا نعد /
264 1 _aالقاهرة :
_bدار الكتاب المصري،
_c1994.
300 _a16ص : مص
490 0 _aالحساب و مبادئ الرياضيات ؛1
650 1 7 _aالحساب
650 1 7 _aالأرقام
942 _2ddc
_cBK
999 _c30575
_d30575